01100nam a2200289 450000100060000000300080000600500170001400800410003102000350007202000150010702000150012203500190013704000320015604100080018808200260019610000360022224500750025826000890033330000270042250400410044950501270049065000140061765000220063165000210065370000690067483000670074373248BD-RjUL20211209082352.0170529s1973 enka b 001 0 eng d a0444104534 (American Elsevier) a0720441102 a0720441080 a(BD-RjUL)73466 aDLCcDLCdDLCdBD-RjULbeng aeng00a612.405223bPEP 19731 aBerson, Solomon A.,d1918-1972.00aPeptide hormones /cEdited by Solomon A. Berson and Rosalyn S. Yalow. aAmsterdam :bNorth Holland Pub. Co.;aNew York :bAmerican Elsevier Pub. Co.,c1973. a v. :bill. ;c25 cm. aIncludes bibliographies and Indexes.0 aPt. 1 General methodology-- Pt. 2 Pituitary hormones and hypothalamic releasing factors.-- Pt. 3 Non-pituitary hormones-- 0ahormones. 0aPeptide hormones. 0aHormone therapy.1 aYalow, Rosalyn S.q(Rosalyn Sussman),d1921-2011,ejoint author. aMethods in investigative and diagnostic endocrinologyvv. 2A-B